| 000 | 00798nam1a22002051i 4500 | ||
|---|---|---|---|
| 001 | rc\2354801 | ||
| 005 | 20240726110050.0 | ||
| 035 | _a(NLR Aleph) 006477181 | ||
| 090 |
_a5995945 _c5995945 |
||
| 100 | _a20110829d1977 |||y0rusy50 ca | ||
| 101 | 0 | _arus | |
| 102 | _aRU | ||
| 105 | _ay c ||||| | ||
| 200 | 1 |
_aНародное хозяйство Сахалинской области на современном этапе _eРек. указ. лит. за ... _fУпр. культуры Сахалинского облисполкома, Сахалин. обл. б-ка. Справ.-библиогр. отд. |
|
| 210 |
_aЮжно-Сахалинск _cБ. и. _d1977 |
||
| 215 | _d20 | ||
| 801 | 0 |
_aRU _bNLR _gpsbo |
|
| 801 | 1 |
_aRU _bELAR _2rusmarc |
|
| 852 |
_aNLR _jС 581Сахалин/Н-30 |
||
| 942 | _cBOOK | ||